<?xml version="1.0" encoding="UTF-8"?>
<record
    xmlns:xsi="http://www.w3.org/2001/XMLSchema-instance"
    xsi:schemaLocation="http://www.loc.gov/MARC21/slim http://www.loc.gov/standards/marcxml/schema/MARC21slim.xsd"
    xmlns="http://www.loc.gov/MARC21/slim">

  <leader>00672nam a22001937a 4500</leader>
  <datafield tag="999" ind1=" " ind2=" ">
    <subfield code="c">170142</subfield>
    <subfield code="d">170142</subfield>
  </datafield>
  <controlfield tag="005">20191211122829.0</controlfield>
  <datafield tag="010" ind1=" " ind2=" ">
    <subfield code="a">B-69973</subfield>
  </datafield>
  <datafield tag="020" ind1=" " ind2=" ">
    <subfield code="c">55.00</subfield>
    <subfield code="a">-</subfield>
  </datafield>
  <datafield tag="035" ind1=" " ind2=" ">
    <subfield code="a">B-69973</subfield>
  </datafield>
  <datafield tag="037" ind1=" " ind2=" ">
    <subfield code="b">BPPD</subfield>
  </datafield>
  <datafield tag="082" ind1=" " ind2=" ">
    <subfield code="a">133.5</subfield>
  </datafield>
  <datafield tag="100" ind1=" " ind2=" ">
    <subfield code="a">&#x634;&#x62C;&#x627;&#x639; &#x639;&#x642;&#x64A;&#x644;</subfield>
  </datafield>
  <datafield tag="245" ind1=" " ind2=" ">
    <subfield code="a">&#x628;&#x631; &#x62C; &#x62C;&#x62F; &#x6CC; &#x627; &#x648; &#x631; &#x622; &#x67E; &#x6A9;&#x6CC; &#x634;&#x62E;&#x635;&#x64A;&#x62A; &#x62F; &#x633;&#x645;&#x628;&#x631; 23 &#x62A;&#x627; 19 &#x62C;&#x646;&#x648; &#x631; &#x6CC; </subfield>
    <subfield code="c">&#x634;&#x62C;&#x627;&#x639; &#x639;&#x642;&#x64A;&#x644;   </subfield>
  </datafield>
  <datafield tag="246" ind1=" " ind2=" ">
    <subfield code="a">Brij Jadee Aur Aapki Shakhsiyat Dec.23 Ta 19 January (Urdu)</subfield>
    <subfield code="b">byShuja Aqeel</subfield>
  </datafield>
  <datafield tag="260" ind1=" " ind2=" ">
    <subfield code="a">Delhi</subfield>
    <subfield code="c">2002 &#x621; </subfield>
    <subfield code="b">Rahi Kitab Ghar</subfield>
  </datafield>
  <datafield tag="270" ind1=" " ind2=" ">
    <subfield code="a">C-20Jyoti Colony Lonoi Road,Shahadra</subfield>
    <subfield code="b">Delhi</subfield>
    <subfield code="k">2293249</subfield>
    <subfield code="e">110032</subfield>
  </datafield>
  <datafield tag="300" ind1=" " ind2=" ">
    <subfield code="a">175 &#x635;</subfield>
    <subfield code="c">22 cm(hb)</subfield>
  </datafield>
  <datafield tag="942" ind1=" " ind2=" ">
    <subfield code="2">ddc</subfield>
    <subfield code="c">UR</subfield>
    <subfield code="h">133.5</subfield>
    <subfield code="m">&#x634; &#x62C; &#x627; </subfield>
  </datafield>
  <datafield tag="952" ind1=" " ind2=" ">
    <subfield code="0">0</subfield>
    <subfield code="1">0</subfield>
    <subfield code="4">0</subfield>
    <subfield code="7">0</subfield>
    <subfield code="8">NFIC</subfield>
    <subfield code="a">L</subfield>
    <subfield code="b">L</subfield>
    <subfield code="d">2019-12-11</subfield>
    <subfield code="e">BPPD/Ven.</subfield>
    <subfield code="g">70.00</subfield>
    <subfield code="l">0</subfield>
    <subfield code="o">133.5 &#x634; &#x62C; &#x627;</subfield>
    <subfield code="p">B-69973</subfield>
    <subfield code="r">2019-12-11 00:00:00</subfield>
    <subfield code="t">1</subfield>
    <subfield code="v">70.00</subfield>
    <subfield code="w">2019-12-11</subfield>
    <subfield code="y">UR</subfield>
  </datafield>
</record>
